| 000 -LEADER |
| fixed length control field |
04095cam a22005775i 4500 |
| 001 - CONTROL NUMBER |
| control field |
21853590 |
| 003 - CONTROL NUMBER IDENTIFIER |
| control field |
NUST |
| 005 - DATE AND TIME OF LATEST TRANSACTION |
| control field |
20220825121546.0 |
| 008 - FIXED-LENGTH DATA ELEMENTS--GENERAL INFORMATION |
| fixed length control field |
201228t20212021nyu b 001 0 eng d |
| 010 ## - LIBRARY OF CONGRESS CONTROL NUMBER |
| LC control number |
2020952859 |
| 020 ## - INTERNATIONAL STANDARD BOOK NUMBER |
| International Standard Book Number |
9780525536550 |
| Qualifying information |
(hardcover) |
| 020 ## - INTERNATIONAL STANDARD BOOK NUMBER |
| International Standard Book Number |
0525536558 |
| Qualifying information |
(hardcover) |
| 020 ## - INTERNATIONAL STANDARD BOOK NUMBER |
| International Standard Book Number |
9780593332603 |
| Qualifying information |
(international edition) |
| 020 ## - INTERNATIONAL STANDARD BOOK NUMBER |
| International Standard Book Number |
9780525536574 |
| Qualifying information |
(ebook) |
| 020 ## - INTERNATIONAL STANDARD BOOK NUMBER |
| International Standard Book Number |
9780241341414 |
| 020 ## - INTERNATIONAL STANDARD BOOK NUMBER |
| International Standard Book Number |
0241341418 |
| 035 ## - SYSTEM CONTROL NUMBER |
| System control number |
(OCoLC)on1238126722 |
| 038 ## - RECORD CONTENT LICENSOR |
| Staff Name |
Azhar |
| 040 ## - CATALOGING SOURCE |
| Original cataloging agency |
NjBwBT |
| Language of cataloging |
eng |
| Transcribing agency |
RV8 |
| Description conventions |
rda |
| Modifying agency |
RV8 |
| -- |
OCLCO |
| -- |
OCLCQ |
| -- |
TCH |
| -- |
ZJI |
| -- |
YDX |
| -- |
DZM |
| -- |
OCLCF |
| -- |
IH9 |
| -- |
SINLB |
| -- |
ON3 |
| -- |
VP@ |
| -- |
CLE |
| -- |
SPI |
| -- |
HQC |
| -- |
MTG |
| -- |
DLC |
| 042 ## - AUTHENTICATION CODE |
| Authentication code |
lccopycat |
| 050 00 - LIBRARY OF CONGRESS CALL NUMBER |
| Classification number |
HF5718 |
| Item number |
.N395 2021 |
| 082 04 - DEWEY DECIMAL CLASSIFICATION NUMBER |
| Classification number |
384.34 |
| Author Mark |
NEW |
| 100 1# - MAIN ENTRY--PERSONAL NAME |
| Personal name |
Newport, Cal, |
| Relator term |
author. |
| 9 (RLIN) |
89091 |
| 245 12 - TITLE STATEMENT |
| Title |
A world without email : |
| Remainder of title |
reimagining work in an age of communication overload |
| Statement of responsibility, etc. |
Cal Newport. |
| 246 3# - VARYING FORM OF TITLE |
| Title proper/short title |
World without e-mail |
| 260 ## - PUBLICATION, DISTRIBUTION, ETC. |
| Place of publication, distribution, etc. |
New York |
| Name of publisher, distributor, etc. |
Portfolio / Penguin, |
| Date of publication, distribution, etc. |
2021 |
| 264 #1 - PRODUCTION, PUBLICATION, DISTRIBUTION, MANUFACTURE, AND COPYRIGHT NOTICE |
| Date of production, publication, distribution, manufacture, or copyright notice |
2021 |
| 264 #4 - PRODUCTION, PUBLICATION, DISTRIBUTION, MANUFACTURE, AND COPYRIGHT NOTICE |
| Date of production, publication, distribution, manufacture, or copyright notice |
©2021 |
| 300 ## - PHYSICAL DESCRIPTION |
| Extent |
xxii, 296 pages ; |
| Dimensions |
22 cm |
| 336 ## - CONTENT TYPE |
| Content type term |
text |
| Content type code |
txt |
| Source |
rdacontent |
| 337 ## - MEDIA TYPE |
| Media type term |
unmediated |
| Media type code |
n |
| Source |
rdamedia |
| 338 ## - CARRIER TYPE |
| Carrier type term |
volume |
| Carrier type code |
nc |
| Source |
rdacarrier |
| 504 ## - BIBLIOGRAPHY, ETC. NOTE |
| Bibliography, etc. note |
Includes bibliographical references (pages 265-281) and index. |
| 505 0# - FORMATTED CONTENTS NOTE |
| Formatted contents note |
Introduction : The hyperactive hive mind -- The case against email : Email reduces productivity -- Email makes us miserable -- Email has a mind of its own -- Principles for a world without email : The attention capital principle -- The process principle -- The protocol principle -- The specialization principle -- Conclusion : The twenty-first-century moonshot. |
| 520 ## - SUMMARY, ETC. |
| Summary, etc. |
Outlines recommendations for business leaders on how to maximize a working team's professional productivity by improving administrative support and streamlining digital traffic. |
| 520 ## - SUMMARY, ETC. |
| Summary, etc. |
Modern knowledge workers communicate constantly. Their days are defined by a relentless barrage of incoming messages and back-and-forth digital conversation-a state of constant, anxious chatter in which nobody can disconnect, and so nobody has the cognitive bandwidth to perform substantive work. There was a time when tools like email felt cutting edge, but a thorough review of current evidence reveals that the "hyperactive hive mind" workflow they helped create has become a productivity disaster, reducing profitability and perhaps even slowing overall economic growth. Equally worrisome, it makes us miserable. Humans are simply not wired for constant digital communication. We have become so used to an inbox-driven workday that it's hard to imagine alternatives. But they do exist. Drawing on years of investigative reporting, author and computer science professor Cal Newport makes the case that our current approach to work is broken, then lays out a series of principles and concrete instructions for fixing it. In A World without Email, he argues for a workplace in which clear processes-not haphazard messaging-define how tasks are identified, assigned and reviewed. Each person works on fewer things (but does them better), and aggressive investment in support reduces the ever-increasing burden of administrative tasks. Above all else, important communication is streamlined, and inboxes and chat channels are no longer central to how work unfolds.-- |
| Assigning source |
Provided by publisher. |
| 563 ## - BINDING INFORMATION |
| Binding note |
HB |
| 650 #0 - SUBJECT ADDED ENTRY--TOPICAL TERM |
| Topical term or geographic name entry element |
Business communication. |
| 650 #0 - SUBJECT ADDED ENTRY--TOPICAL TERM |
| Topical term or geographic name entry element |
Electronic mail messages. |
| 9 (RLIN) |
95298 |
| 650 #0 - SUBJECT ADDED ENTRY--TOPICAL TERM |
| Topical term or geographic name entry element |
Electronic mail systems. |
| 9 (RLIN) |
95299 |
| 650 #7 - SUBJECT ADDED ENTRY--TOPICAL TERM |
| Topical term or geographic name entry element |
BUSINESS & ECONOMICS / Organizational Behavior. |
| Source of heading or term |
bisacsh |
| 9 (RLIN) |
13715 |
| 650 #7 - SUBJECT ADDED ENTRY--TOPICAL TERM |
| Topical term or geographic name entry element |
BUSINESS & ECONOMICS / Management. |
| Source of heading or term |
bisacsh |
| 9 (RLIN) |
13714 |
| 650 #7 - SUBJECT ADDED ENTRY--TOPICAL TERM |
| Topical term or geographic name entry element |
BUSINESS & ECONOMICS / Business Communication / General. |
| Source of heading or term |
bisacsh |
| 9 (RLIN) |
95300 |
| 650 #7 - SUBJECT ADDED ENTRY--TOPICAL TERM |
| Topical term or geographic name entry element |
Business communication. |
| Source of heading or term |
fast |
| Authority record control number or standard number |
(OCoLC)fst00842419 |
| 9 (RLIN) |
98510 |
| 650 #7 - SUBJECT ADDED ENTRY--TOPICAL TERM |
| Topical term or geographic name entry element |
Electronic mail messages. |
| Source of heading or term |
fast |
| Authority record control number or standard number |
(OCoLC)fst00907328 |
| 9 (RLIN) |
95298 |
| 650 #7 - SUBJECT ADDED ENTRY--TOPICAL TERM |
| Topical term or geographic name entry element |
Electronic mail systems. |
| Source of heading or term |
fast |
| Authority record control number or standard number |
(OCoLC)fst00907333 |
| 9 (RLIN) |
95299 |
| 906 ## - LOCAL DATA ELEMENT F, LDF (RLIN) |
| a |
7 |
| b |
cbc |
| c |
copycat |
| d |
2 |
| e |
epcn |
| f |
20 |
| g |
y-gencatlg |
| 942 ## - ADDED ENTRY ELEMENTS (KOHA) |
| Source of classification or shelving scheme |
|
| Koha item type |
Lincoln Corner |